000 00675nam a2200217 a 4500
001 000007218
003 OSt
005 20201008150917.0
008 090907s1987 dr a 001 0 spa d
040 _aDO-SdBNP
_bspa
_cBNPHU
082 _axxxx
_bL961a
100 1 _aLuna Calderón, Fernando
_920023
245 1 0 _aAtlas de patología osea /
_cFernando Luna Calderón.
250 _a2a ed.
260 _aSan Pedro de Macorís, República Dominicana :
_bTaller ;
_bUniversidad Central del Este,
_c1987.
300 _a121 p. :
_bil. ;
_c23 cm.
490 1 _aCientífica
_v2
504 _aIncluye referencias bibliográficas
830 0 _aCientífica
_n2
_920024
942 _2ddc
_cLF1
999 _c6999
_d6999